[Event "BIH-chT2"]
[Site "Tuzla"]
[Date "2015.10.18"]
[Round "5.3"]
[White "Abdic, Adnan"]
[Black "Petrovic, Sasa"]
[Result "0-1"]
[WhiteElo "2170"]
[BlackElo "2225"]
[PlyCount "104"]
[EventDate "2015.10.16"]

1. e4 Nf6 2. e5 Nd5 3. c4 Nb6 4. d4 d6 5. exd6 exd6 6. Bd3 Nc6 7. Be3 g6 8. h3
Bg7 9. Nf3 O-O 10. O-O Ne7 11. Re1 Nf5 12. Nc3 Nxe3 13. fxe3 Be6 14. b3 c5 15.
Rc1 Rc8 16. d5 Bd7 17. Qd2 Qc7 18. Qf2 Rce8 19. Ne4 Bf5 20. Qc2 Nd7 21. Nf2
Bxd3 22. Nxd3 Ne5 23. Ndxe5 Bxe5 24. Qd2 Re7 25. Qf2 Rfe8 26. Qh4 Bg7 27. e4
Qd7 28. Qf4 Be5 29. Qh4 Kg7 30. Kh1 b5 31. cxb5 Qxb5 32. Rf1 Qd7 33. Nxe5 Rxe5
34. Qf6+ Kg8 35. b4 cxb4 36. Rc6 Rxe4 37. Rxd6 Qe7 38. Ra6 Qxf6 39. Rfxf6 R8e7
40. Rfd6 Rd4 41. Rd8+ Kg7 42. d6 Rb7 43. Kg1 Rd2 44. Rc8 b3 45. axb3 Rxb3 46.
Rc4 Rbb2 47. Rg4 h5 48. Rg3 h4 49. Rg4 f5 50. Rc4 Rxg2+ 51. Kf1 Rgd2 52. Ke1
Rh2 0-1

[Event "BIH-chT2"]
[Site "Tuzla"]
[Date "2015.10.18"]
[Round "5.3"]
[White "Pasalic, Adnan"]
[Black "Hadzic, Sabahet"]
[Result "1-0"]
[WhiteElo "2078"]
[BlackElo "1950"]
[PlyCount "85"]
[EventDate "2015.10.16"]

1. d4 Nf6 2. c4 e6 3. Nf3 d5 4. Nc3 Nbd7 5. Bf4 c6 6. e3 Bb4 7. Qc2 O-O 8. Bd3
h6 9. O-O dxc4 10. Bxc4 Nb6 11. Be2 Nbd5 12. Bg3 Nh5 13. Bh4 Be7 14. Bxe7 Qxe7
15. Ne5 Nhf6 16. a3 Nd7 17. Nd3 Nxc3 18. Qxc3 Re8 19. Rfd1 Nf6 20. Bf3 Bd7 21.
b4 Rec8 22. Rac1 Rab8 23. Ne5 Nd5 24. Qc5 Qxc5 25. dxc5 Be8 26. e4 Nc7 27. Rd3
Kf8 28. Nd7+ Bxd7 29. Rxd7 Ke8 30. Rcd1 Nd5 31. exd5 Kxd7 32. dxc6+ Ke8 33.
cxb7 Rd8 34. Rb1 Rd3 35. a4 Rc3 36. Rd1 a5 37. bxa5 Rxc5 38. a6 Ra5 39. Bc6+
Ke7 40. Bb5 e5 41. Rd7+ Ke6 42. Rc7 Rd8 43. g3 1-0

[Event "BIH-chT2"]
[Site "Tuzla"]
[Date "2015.10.18"]
[Round "5.3"]
[White "Ruznic, Ramiz"]
[Black "Corbadzic, Samir"]
[Result "0-1"]
[WhiteElo "2040"]
[BlackElo "2111"]
[PlyCount "80"]
[EventDate "2015.10.16"]

1. Nf3 Nf6 2. d4 g6 3. g3 Bg7 4. Bg2 O-O 5. O-O d6 6. b3 Nc6 7. Bb2 e5 8. d5
Ne7 9. c4 Ne8 10. e4 f5 11. Nbd2 h6 12. Bh3 f4 13. Bxc8 Qxc8 14. Kg2 Nf6 15. h3
g5 16. Nh2 Ng6 17. Ng4 Nd7 18. Nh2 Kh7 19. Qg4 Qe8 20. Rac1 Rf7 21. h4 Nf6 22.
Qh3 gxh4 23. gxh4 Qd7 24. Ndf3 Qxh3+ 25. Kxh3 Rg8 26. Rg1 Bf8 27. Nd2 f3 28.
Nhxf3 Nf4+ 29. Kh2 Ng4+ 30. Kh1 Nxf2+ 31. Kh2 Ng4+ 32. Kh1 Rfg7 33. Ng5+ hxg5
34. Rxg4 Nd3 35. Rf1 Nxb2 36. Rf5 Be7 37. Nf3 Rg6 38. hxg5 Nd3 39. Nh4 Rxg5 40.
Rf7+ R5g7 0-1

[Event "BIH-chT2"]
[Site "Tuzla"]
[Date "2015.10.18"]
[Round "5.4"]
[White "Boric, Muhamed"]
[Black "Mrndjic, Muamer"]
[Result "1-0"]
[WhiteElo "2397"]
[BlackElo "2224"]
[PlyCount "75"]
[EventDate "2015.10.16"]

1. Nf3 Nf6 2. c4 c5 3. g3 b6 4. Bg2 Bb7 5. O-O g6 6. Nc3 Bg7 7. Re1 O-O 8. e4
d6 9. d4 cxd4 10. Nxd4 Nbd7 11. e5 dxe5 12. Ne6 fxe6 13. Bxb7 Rb8 14. Bg2 Nc5
15. Qe2 Ne8 16. Rd1 Qc8 17. Nb5 a6 18. Na7 Qc7 19. Nc6 Rc8 20. Bg5 Bf6 21. Bh6
Ng7 22. Bxg7 Kxg7 23. b4 Na4 24. Rac1 e4 25. Qxe4 Nc3 26. Qxe6 Nxd1 27. Rxd1
Rcd8 28. Nxd8 Rxd8 29. Rxd8 Qxd8 30. c5 bxc5 31. bxc5 Qc7 32. c6 Bd4 33. Bd5
Kh6 34. Qf7 Bf6 35. Kg2 Qd8 36. h4 Be5 37. Be4 Bd6 38. h5 1-0

[Event "BIH-chT2"]
[Site "Tuzla"]
[Date "2015.10.18"]
[Round "5.4"]
[White "Zacinovic, Alija"]
[Black "Smajlovic, Nijaz"]
[Result "1-0"]
[WhiteElo "2226"]
[BlackElo "1995"]
[PlyCount "53"]
[EventDate "2015.10.16"]

1. e4 e5 2. Nf3 d6 3. d4 exd4 4. Nxd4 Nf6 5. Nc3 Be7 6. Be2 Nbd7 7. Be3 Nc5 8.
f3 O-O 9. Qd2 Re8 10. O-O-O c6 11. g4 Qa5 12. g5 Nh5 13. f4 g6 14. f5 Nxe4 15.
Nxe4 Qxa2 16. Nc3 Qa1+ 17. Nb1 d5 18. Rhf1 a5 19. Bxh5 gxh5 20. Nb3 Qa4 21. Bc5
Bxc5 22. Nxc5 Qb5 23. Nd3 d4 24. Na3 Qd5 25. Nf4 Qa2 26. Nxh5 Rd8 27. g6 1-0

[Event "BIH-chT2"]
[Site "Tuzla"]
[Date "2015.10.18"]
[Round "5.4"]
[White "Muminovic, Semsudin"]
[Black "Mrndjic, Armin"]
[Result "1/2-1/2"]
[WhiteElo "1873"]
[BlackElo "2122"]
[PlyCount "66"]
[EventDate "2015.10.16"]

1. c4 Nf6 2. Nc3 g6 3. g3 Bg7 4. Bg2 O-O 5. Nf3 d6 6. O-O c6 7. d4 Nbd7 8. e4
e5 9. dxe5 Nxe5 10. Nxe5 dxe5 11. Be3 Be6 12. Qxd8 Rfxd8 13. b3 Rd3 14. Na4 b6
15. Rad1 Rad8 16. Nb2 Rxd1 17. Rxd1 Rxd1+ 18. Nxd1 Bf8 19. Nb2 Nd7 20. Nd3 f6
21. h3 Bd6 22. g4 g5 23. f3 a5 24. Bf1 Ba3 25. Be2 Kf7 26. Kf2 Ke7 27. Ke1 Kd6
28. Kd2 Nc5 29. Nxc5 Bxc5 30. Bxc5+ Kxc5 31. Kc3 b5 32. a3 bxc4 33. Bxc4 Bc8
1/2-1/2

[Event "BIH-chT2"]
[Site "Tuzla"]
[Date "2015.10.18"]
[Round "5.4"]
[White "Mujagic, Muhamed"]
[Black "Kovacic, Dubravko"]
[Result "1-0"]
[WhiteElo "1963"]
[BlackElo "2074"]
[PlyCount "119"]
[EventDate "2015.10.16"]

1. e4 e6 2. d4 d5 3. e5 c5 4. c3 Nc6 5. Nf3 cxd4 6. cxd4 Bd7 7. Be2 Rc8 8. Nc3
a6 9. O-O b5 10. Be3 Nge7 11. Rc1 Nf5 12. Bd3 Nxe3 13. fxe3 Be7 14. a4 b4 15.
Ne2 a5 16. Nf4 f5 17. exf6 Bxf6 18. Bb1 g6 19. Qd3 Ne7 20. b3 Qb6 21. h3 Rxc1
22. Rxc1 O-O 23. h4 Be8 24. Rc5 e5 25. Nxd5 Nxd5 26. Rxd5 exd4 27. exd4 Bf7 28.
Rb5 Qd6 29. Rxa5 Bd5 30. Ne5 Bxe5 31. Rxd5 Qxd5 32. dxe5 Qc5+ 33. Kh2 Qxe5+ 34.
Qg3 Qxg3+ 35. Kxg3 Rc8 36. Be4 Kg7 37. Bd5 Kf6 38. Kf4 Rc1 39. Ke4 Rh1 40. Kd4
Rxh4+ 41. Kc5 Ke5 42. a5 Rh1 43. a6 Ra1 44. Bb7 h5 45. Kb6 Kd4 46. Bc6 Kc3 47.
Ba4 Rxa4 48. bxa4 b3 49. a7 b2 50. a8=Q b1=Q+ 51. Kc7 Qd3 52. Qc6+ Kb4 53. Qd6+
Qxd6+ 54. Kxd6 Kxa4 55. Ke5 Kb4 56. Kf6 h4 57. Kxg6 Kc5 58. Kg5 h3 59. gxh3 Kd4
60. Kg6 1-0

[Event "BIH-chT2"]
[Site "Tuzla"]
[Date "2015.10.18"]
[Round "5.5"]
[White "Malkic, Jusuf"]
[Black "Trumic, Enes"]
[Result "0-1"]
[WhiteElo "2117"]
[BlackElo "2244"]
[PlyCount "140"]
[EventDate "2015.10.16"]

1. e4 e5 2. Nf3 Nc6 3. Bb5 Nf6 4. O-O Nxe4 5. Re1 Nd6 6. Bxc6 dxc6 7. Nxe5 Be7
8. d4 O-O 9. Bf4 Nf5 10. c3 Bd6 11. Bg3 Nxg3 12. hxg3 a5 13. Nd2 a4 14. a3 f6
15. Nec4 Be7 16. Qe2 Re8 17. Nf3 Bg4 18. Ne3 Bd6 19. Qd3 Be6 20. Nd2 Qd7 21.
Rad1 Rad8 22. Nf3 Bb3 23. Rc1 c5 24. dxc5 Bxc5 25. Qxd7 Rxd7 26. Nf5 Rxe1+ 27.
Rxe1 Kf7 28. N5d4 Bd5 29. Re2 Bf8 30. Nf5 g6 31. Ne3 Ba2 32. Rd2 Bd6 33. Nd4
Re7 34. Kh2 Bc5 35. Nec2 c6 36. Kg1 Bc4 37. Ne3 Ba6 38. Ndc2 Bb6 39. g4 Ke8 40.
g3 Rd7 41. Rxd7 Kxd7 42. Kg2 Bd3 43. Kf3 Bc5 44. Ne1 Bb1 45. Ke2 b5 46. Nd3 Bd6
47. Kd2 Ba2 48. Nf4 Bxf4 49. gxf4 Kd6 50. Nc2 h5 51. f3 h4 52. Ne3 g5 53. Ke2
Bb1 54. fxg5 fxg5 55. Kf2 Ke5 56. Nf1 Bd3 57. Ne3 Bh7 58. Nf1 Bg8 59. Ke3 Bc4
60. Nh2 c5 61. f4+ gxf4+ 62. Kf2 Bd5 63. Ke2 Be4 64. Kf2 h3 65. Ke2 Bg2 66. Kf2
Kf6 67. Ke2 Kg5 68. Kf2 Kh4 69. Nf3+ Bxf3 70. Kxf3 Kg5 0-1

[Event "BIH-chT2"]
[Site "Tuzla"]
[Date "2015.10.18"]
[Round "5.5"]
[White "Nurkic, Alija"]
[Black "Obad, Andrija"]
[Result "1-0"]
[WhiteElo "2084"]
[BlackElo "2201"]
[PlyCount "57"]
[EventDate "2015.10.16"]

1. e4 c5 2. Nf3 d6 3. d4 cxd4 4. Nxd4 Nf6 5. Nc3 a6 6. Bc4 e6 7. Be3 Be7 8. a4
Qc7 9. Bb3 b6 10. O-O O-O 11. Qe2 Qb7 12. f3 Nbd7 13. Qf2 Re8 14. g4 Bf8 15. h4
Nc5 16. Ba2 Qc7 17. Kg2 Bb7 18. h5 d5 19. g5 Nxh5 20. Nde2 dxe4 21. f4 g6 22.
Rh1 Nd3 23. Qh4 Bc5 24. Ng3 Ndxf4+ 25. Bxf4 Qxf4 26. Nxh5 Qf3+ 27. Kh2 gxh5 28.
Qg3 Rad8 29. Rad1 {vrijeme} 1-0

[Event "BIH-chT2"]
[Site "Tuzla"]
[Date "2015.10.18"]
[Round "5.5"]
[White "Komadaric, Edin"]
[Black "Hamzagic, Abdel"]
[Result "1-0"]
[WhiteElo "2155"]
[BlackElo "2060"]
[PlyCount "119"]
[EventDate "2015.10.16"]

1. e4 c5 2. Nf3 d6 3. c3 Nc6 4. d4 cxd4 5. cxd4 Nf6 6. Nc3 Bg4 7. d5 Ne5 8.
Bb5+ Ned7 9. h3 Bxf3 10. Qxf3 g6 11. O-O Bg7 12. Bg5 h6 13. Be3 O-O 14. Rac1 a6
15. Bxd7 Nxd7 16. Qe2 Rc8 17. Qd2 Kh7 18. Ne2 Ne5 19. b3 Nd7 20. Rxc8 Qxc8 21.
Rc1 Qb8 22. Qc2 Nf6 23. f3 e6 24. dxe6 fxe6 25. Qc7 Kg8 26. Nf4 Qe8 27. Qxd6 e5
28. Nd5 Nxd5 29. Qxd5+ Qf7 30. Rc7 Qxd5 31. exd5 Rd8 32. Rxb7 Rxd5 33. Rb6 a5
34. Rxg6 Kf7 35. Ra6 h5 36. Kf2 Bf6 37. Ke2 Bd8 38. Bb6 Bxb6 39. Rxb6 Rc5 40.
Kd3 Rd5+ 41. Ke3 Rc5 42. g4 hxg4 43. hxg4 Kg7 44. Ke4 Kf7 45. a4 Kg7 46. Rb5
Rc3 47. Rxe5 Rxb3 48. Rxa5 Kf6 49. Rb5 Ra3 50. Rb4 Kg5 51. Rb5+ Kh4 52. a5 Kg3
53. Rf5 Ra4+ 54. Kd3 Kh4 55. Kc3 Ra1 56. Kb4 Rb1+ 57. Kc5 Rc1+ 58. Kb6 Rb1+ 59.
Rb5 Rf1 60. Rb3 1-0

[Event "BIH-chT2"]
[Site "Tuzla"]
[Date "2015.10.18"]
[Round "5.5"]
[White "Imamovic, Smail"]
[Black "Jovanovic, Nenad"]
[Result "0-1"]
[WhiteElo "1972"]
[BlackElo "2055"]
[PlyCount "112"]
[EventDate "2015.10.16"]

1. e4 c5 2. Nf3 d6 3. Bc4 e6 4. Nc3 a6 5. a4 Nc6 6. d3 Nf6 7. Ba2 Be7 8. O-O
O-O 9. Ng5 h6 10. Nf3 Nd7 11. Ne1 Nd4 12. f4 Kh7 13. Nf3 Bf6 14. Be3 Nxf3+ 15.
Qxf3 Rb8 16. Qh5 Bxc3 17. bxc3 Nf6 18. Qh4 Nd7 19. Qh3 Qa5 20. f5 Qxc3 21. fxe6
Ne5 22. Qf5+ Ng6 23. Qh5 Bxe6 24. Bd5 Bxd5 25. Qxd5 Qe5 26. Qb3 f5 27. Qc4 fxe4
28. d4 cxd4 29. Bxd4 Qe7 30. Rfe1 Rbe8 31. Rab1 Nh4 32. Kh1 Qg5 33. Qe2 Rf7 34.
Rb6 Nf5 35. Ba1 d5 36. Reb1 d4 37. g4 Ne3 38. Bxd4 Nxg4 39. Rxb7 Ree7 40. Rxe7
Rxe7 41. Rg1 h5 42. Qg2 e3 43. Re1 Qf4 44. c3 Nf2+ 45. Kg1 Ng4 46. h3 Nf6 47.
Re2 h4 48. Qh2 Qf3 49. Qg2 Qf4 50. Qf1 Qe4 51. Kh2 Nd5 52. a5 Re6 53. Qg2 Qxg2+
54. Kxg2 Nf4+ 55. Kf3 Nxe2 56. Kxe2 Rg6 0-1

[Event "BIH-chT2"]
[Site "Tuzla"]
[Date "2015.10.18"]
[Round "5.5"]
[White "Rahmanovic, Mesan"]
[Black "Mujagic, Ismet"]
[Result "0-1"]
[WhiteElo "1948"]
[BlackElo "1858"]
[PlyCount "74"]
[EventDate "2015.10.16"]

1. e4 e6 2. d4 d5 3. exd5 exd5 4. Nf3 Bd6 5. Bd3 Nf6 6. Bg5 O-O 7. O-O Bg4 8.
c3 Nbd7 9. Nbd2 c6 10. Qc2 h6 11. Bh4 Bxf3 12. Nxf3 Qc7 13. Bg3 Rfe8 14. Rfe1
Bxg3 15. hxg3 Qd6 16. Nh4 Nf8 17. Nf5 Qc7 18. Qd2 Ng6 19. f3 Rxe1+ 20. Rxe1 Re8
21. b4 a6 22. a4 Qd7 23. g4 Kh7 24. g5 Rxe1+ 25. Qxe1 hxg5 26. Qg3 Qe6 27. Kf2
Nf4 28. Qxg5 Nxd3+ 29. Kg1 Ne8 30. Kh2 f6 31. Qh5+ Kg8 32. Qg6 Kf8 33. Nxg7
Nxg7 34. Qxd3 Qf5 35. Qe3 Kf7 36. g4 Qg5 37. Qd3 Qh6+ 0-1

[Event "BIH-chT2"]
[Site "Tuzla"]
[Date "2015.10.19"]
[Round "6.1"]
[White "Rasidovic, Sead"]
[Black "Trumic, Enes"]
[Result "1-0"]
[WhiteElo "2337"]
[BlackElo "2244"]
[PlyCount "105"]
[EventDate "2015.10.16"]

1. f4 e5 2. fxe5 d6 3. Nf3 dxe5 4. Nc3 Nc6 5. e4 Bg4 6. Bb5 Bc5 7. Bxc6+ bxc6
8. Qe2 Nf6 9. d3 Rb8 10. Nd1 Nd7 11. Be3 O-O 12. O-O a5 13. a4 Bd4 14. Bxd4
exd4 15. h3 Bxf3 16. Qxf3 c5 17. b3 Ne5 18. Qf5 Qe7 19. Nf2 g6 20. Qf4 f5 21.
exf5 Rxf5 22. Qd2 Rbf8 23. Ne4 Nc6 24. Rfe1 Nb4 25. Ng3 Re5 26. Rxe5 Qxe5 27.
Ne4 Qe7 28. Re1 Rf5 29. Re2 Kg7 30. Qe1 Re5 31. Rf2 Rf5 32. Re2 Re5 33. g4 h5
34. gxh5 Rxh5 35. Ng3 Qg5 36. Re7+ Kh6 37. Re8 Kg7 38. Kh2 Rh7 39. Qf2 Rh8 40.
Ne4 Qf5 41. Qxf5 gxf5 42. Rxh8 Kxh8 43. Nxc5 Nxc2 44. Kg3 Kh7 45. Kf4 Kg6 46.
Ke5 c6 47. Nb7 Kg5 48. Nxa5 f4 49. Nc4 f3 50. Nd2 Ne1 51. a5 c5 52. a6 Nxd3+
53. Kd6 1-0

[Event "BIH-chT2"]
[Site "Tuzla"]
[Date "2015.10.19"]
[Round "6.1"]
[White "Avdic, Adnan"]
[Black "Avdic, Mirza"]
[Result "1-0"]
[WhiteElo "2268"]
[BlackElo "2221"]
[PlyCount "149"]
[EventDate "2015.10.16"]

1. e4 c5 2. Nf3 e6 3. d4 cxd4 4. Nxd4 a6 5. c4 Nf6 6. Nc3 Qc7 7. Be2 b6 8. O-O
Bb7 9. Qc2 d6 10. Be3 Nbd7 11. f3 Be7 12. Rad1 O-O 13. Rf2 Rac8 14. Bf1 Ne5 15.
Na4 Nfd7 16. b3 Rfe8 17. Qb1 Qb8 18. Rc2 Bd8 19. Qc1 Bc7 20. Qd2 Ng6 21. g3 h6
22. Qf2 Rcd8 23. Nc3 Nf6 24. Rcd2 d5 25. cxd5 exd5 26. Nxd5 Nxd5 27. exd5 Rxd5
28. f4 Rdd8 29. Rc1 Ne7 30. Rdc2 Bd6 31. Nf3 b5 32. Bc5 Nf5 33. Bxd6 Nxd6 34.
Ne5 Ne4 35. Qb6 Rd6 36. Nc6 Bxc6 37. Qxb8 Rxb8 38. Rxc6 Rbd8 39. a4 Nd2 40.
axb5 axb5 41. Rxd6 Rxd6 42. Bxb5 Nxb3 43. Rc8+ Kh7 44. Bc4 Nd4 45. Bxf7 Rd7 46.
Bc4 g6 47. g4 Nf3+ 48. Kg2 Nd4 49. h4 Kg7 50. Kf2 Re7 51. Rg8+ Kh7 52. Rd8 Nc2
53. Bd3 Ne3 54. Kf3 Kg7 55. Rd6 Nd1 56. Bxg6 Re3+ 57. Kg2 Re1 58. h5 Nc3 59. g5
Re7 60. Bd3 Na4 61. Rxh6 Re3 62. Rh7+ Kg8 63. Ra7 Rxd3 64. Rxa4 Kg7 65. Ra7+
Kg8 66. h6 Kh8 67. g6 Rd8 68. Kf3 Re8 69. f5 Rb8 70. f6 Rb3+ 71. Ke4 Rb4+ 72.
Kd5 Rb5+ 73. Kc6 Rb8 74. Rh7+ Kg8 75. f7+ 1-0

[Event "BIH-chT2"]
[Site "Tuzla"]
[Date "2015.10.19"]
[Round "6.1"]
[White "Hadzovic, Amir"]
[Black "Obad, Andrija"]
[Result "1/2-1/2"]
[WhiteElo "2218"]
[BlackElo "2201"]
[PlyCount "141"]
[EventDate "2015.10.16"]

1. e4 d5 2. exd5 Qxd5 3. Nc3 Qd6 4. Qf3 Nf6 5. Bc4 a6 6. d3 Nc6 7. Ne4 Qd8 8.
Nxf6+ gxf6 9. Qh5 Ne5 10. Bb3 Qd6 11. f4 Ng6 12. Ne2 f5 13. Be3 Bg7 14. O-O-O
Be6 15. c4 O-O-O 16. Kb1 Qc6 17. Ng3 Qxg2 18. d4 Nxf4 19. Bxf4 Rxd4 20. Rxd4
Bxd4 21. Qe2 Qc6 22. Rd1 Rd8 23. Be5 Bxe5 24. Rxd8+ Kxd8 25. Qxe5 Qg2 26. Ne2
Qf1+ 27. Kc2 Qg2 28. Kd2 h5 29. Ba4 c6 30. Bb3 Kd7 31. Qb8 b5 32. Qb7+ Kd8 33.
Qb6+ Kd7 34. Qd4+ Ke8 35. Qg1 Qe4 36. Qe3 Qb1 37. Qd4 c5 38. Qe5 Kd7 39. cxb5
axb5 40. Qxc5 Qxb2+ 41. Qc2 Qe5 42. Qd3+ Ke8 43. Qg3 Qb2+ 44. Ke1 Bxb3 45. axb3
e5 46. Qc3 Qb1+ 47. Kf2 Qe4 48. Qf3 Qh4+ 49. Qg3 Qe4 50. Qg8+ Ke7 51. Qg5+ Ke6
52. Qxh5 f4 53. Qf3 Qh7 54. h3 Qc2 55. Qc3 Qh7 56. Qc8+ Kf6 57. Qd8+ Ke6 58. h4
Qe4 59. Qc8+ Kf6 60. Qg4 Qe3+ 61. Kg2 Qxb3 62. Qg5+ Ke6 63. Qg4+ Kf6 64. Qg5+
Ke6 65. Qg4+ Kd6 66. h5 f3+ 67. Qxf3 Qxf3+ 68. Kxf3 Ke6 69. h6 Kf6 70. Nc3 Kg6
71. Nxb5 1/2-1/2

[Event "BIH-chT2"]
[Site "Tuzla"]
[Date "2015.10.19"]
[Round "6.1"]
[White "Komadaric, Edin"]
[Black "Mestrovic, Zvonimir"]
[Result "0-1"]
[WhiteElo "2155"]
[BlackElo "2271"]
[PlyCount "68"]
[EventDate "2015.10.16"]

1. e4 Nc6 2. d4 e5 3. d5 Nce7 4. c4 Ng6 5. a3 Bc5 6. h4 Nf6 7. Nc3 h6 8. h5 Nf8
9. f4 d6 10. f5 N8h7 11. Nh3 c6 12. Qf3 Bd7 13. Be2 cxd5 14. cxd5 Qb6 15. Bd2
Rc8 16. Rb1 Bd4 17. Qd3 O-O 18. Kf1 g5 19. hxg6 fxg6 20. g4 g5 21. Kg2 Kf7 22.
Ng1 h5 23. gxh5 g4 24. Bd1 Rg8 25. Nge2 Ng5 26. Ng3 Nh3 27. Rf1 Bf2 28. Nh1 Bh4
29. Be3 Nxh5 30. Qd2 N5f4+ 31. Rxf4 Nxf4+ 32. Kg1 Qd8 33. Bxf4 exf4 34. Qxf4
Qb6+ 0-1

[Event "BIH-chT2"]
[Site "Tuzla"]
[Date "2015.10.19"]
[Round "6.1"]
[White "Strinic, Halid"]
[Black "Jovanovic, Nenad"]
[Result "0-1"]
[WhiteElo "2109"]
[BlackElo "2055"]
[PlyCount "114"]
[EventDate "2015.10.16"]

1. e4 c5 2. Nf3 d6 3. d4 cxd4 4. Nxd4 Nf6 5. Nc3 a6 6. h3 b5 7. a3 Bb7 8. Qe2
g6 9. f4 Bg7 10. Nb3 O-O 11. g4 Nfd7 12. Bg2 Nc6 13. Be3 Na5 14. Nxa5 Qxa5 15.
Bd2 Qc7 16. O-O Nb6 17. Rf3 Nc4 18. Bc1 Rac8 19. Nd1 f5 20. gxf5 gxf5 21. Rg3
Kh8 22. c3 Bxe4 23. Bxe4 fxe4 24. Qxe4 Bf6 25. b3 Rg8 26. Rg4 h5 27. Rg5 Bxg5
28. fxg5 Ne5 29. Qe2 Rg7 30. Ra2 h4 31. Bf4 Rf8 32. Qh5+ Rh7 33. Bxe5+ dxe5 34.
Qg4 Qc8 35. Rg2 Qxg4 36. Rxg4 Rf4 37. Rg2 Rf3 38. Re2 Rxh3 39. Rxe5 Rd3 40. Nf2
Rxc3 41. Rf5 Rxb3 42. Kh2 Rb2 43. Kh3 Rxf2 44. Rxf2 Kg7 45. a4 bxa4 46. Rf5 Kg6
47. Re5 a3 48. Re6+ Kxg5 49. Rxa6 e5 50. Rxa3 e4 51. Kh2 h3 52. Kh1 h2 53. Rf3
Kg4 54. Rf8 e3 55. Rg8+ Kf3 56. Rf8+ Ke2 57. Rf2+ exf2 0-1

[Event "BIH-chT2"]
[Site "Tuzla"]
[Date "2015.10.19"]
[Round "6.1"]
[White "Sisic, Enes"]
[Black "Kurtcehajic, Suad"]
[Result "1/2-1/2"]
[WhiteElo "1968"]
[BlackElo "2057"]
[PlyCount "152"]
[EventDate "2015.10.16"]

1. d4 d5 2. c4 e6 3. Nc3 Nf6 4. Bg5 Nbd7 5. cxd5 exd5 6. Nf3 c6 7. e3 h6 8.
Bxf6 Nxf6 9. Qc2 Bd6 10. h3 O-O 11. Bd3 Re8 12. O-O Qe7 13. Nd2 Be6 14. e4 dxe4
15. Ncxe4 Nxe4 16. Nxe4 Rad8 17. Nc5 Bc8 18. Qc3 Bxh3 19. Nxb7 Bb4 20. Qxc6 Be6
21. Nxd8 Rxd8 22. Qe4 g6 23. d5 Rxd5 24. Bc4 Qg5 25. Rfd1 Re5 26. Qa8+ Kg7 27.
Bxe6 Rxe6 28. Qd5 Re5 29. Qd4 Bc5 30. Qc3 Qf4 31. Qf3 Qxf3 32. gxf3 Re2 33. Rf1
Rxb2 34. a4 a5 35. Rab1 Bxf2+ 36. Kg2 Bd4+ 37. Rxb2 Bxb2 38. Rb1 Bc3 39. Rb6 h5
40. Kh3 f6 41. Rc6 Bb4 42. Ra6 g5 43. Rb6 Kg6 44. Rb5 f5 45. Rb6+ Kg7 46. Ra6
g4+ 47. fxg4 hxg4+ 48. Kg3 Be1+ 49. Kf4 g3 50. Kxf5 Kf7 51. Rf6+ Kg7 52. Rg6+
Kf7 53. Rf6+ Kg7 54. Re6 Bf2 55. Rg6+ Kf7 56. Rg4 Ke7 57. Ke5 Kd7 58. Kd5 Kc7
59. Rg7+ Kb6 60. Rg8 Kc7 61. Rg6 Kb7 62. Rg8 Kc7 63. Rg7+ Kb6 64. Kd6 Be3 65.
Kd5 Bf2 66. Rg6+ Ka7 67. Kc4 Kb7 68. Kb5 Be1 69. Rg7+ Kb8 70. Kc6 Bf2 71. Rb7+
Kc8 72. Rg7 Kd8 73. Rd7+ Ke8 74. Rg7 Kf8 75. Rg4 Kf7 76. Kb5 Be1 1/2-1/2

[Event "BIH-chT2"]
[Site "Tuzla"]
[Date "2015.10.19"]
[Round "6.2"]
[White "Nurkic, Sahbaz"]
[Black "Malkic, Jusuf"]
[Result "1-0"]
[WhiteElo "2372"]
[BlackElo "2117"]
[PlyCount "75"]
[EventDate "2015.10.16"]

1. e4 Nf6 2. Nc3 d5 3. e5 Nfd7 4. f4 e6 5. d4 c5 6. Nf3 Nc6 7. Be3 cxd4 8. Nxd4
Be7 9. Qh5 g6 10. Qh6 Bf8 11. Qh3 Nc5 12. O-O-O Qa5 13. Kb1 Bd7 14. Nce2 Ne4
15. Nb3 Qc7 16. Ned4 Nxd4 17. Bxd4 a5 18. Bd3 a4 19. Nd2 Nxd2+ 20. Rxd2 a3 21.
b3 Bc5 22. Qe3 b6 23. h4 h5 24. c3 Rc8 25. Rc2 O-O 26. g4 hxg4 27. h5 f5 28.
hxg6 Be8 29. Rh7 Qd8 30. Bxc5 bxc5 31. g7 Rf7 32. Rh8+ Kxg7 33. Rch2 Qa5 34.
Qe1 Bb5 35. Rxc8 Bxd3+ 36. Kc1 d4 37. b4 Qa6 38. Qh4 1-0

[Event "BIH-chT2"]
[Site "Tuzla"]
[Date "2015.10.19"]
[Round "6.2"]
[White "Hrvic, Bilal"]
[Black "Boric, Muhamed"]
[Result "0-1"]
[WhiteElo "2124"]
[BlackElo "2397"]
[PlyCount "86"]
[EventDate "2015.10.16"]

1. c4 c6 2. Nf3 Nf6 3. Nc3 d5 4. cxd5 cxd5 5. d4 Nc6 6. e3 a6 7. Be2 Bg4 8. h3
Bd7 9. Bd2 e6 10. O-O Bd6 11. Na4 Ne4 12. Rc1 O-O 13. a3 b6 14. Bd3 Nxd2 15.
Nxd2 Na5 16. Nc3 b5 17. Nf3 Nc4 18. Rb1 g6 19. Re1 Rc8 20. e4 Nxb2 21. Qd2 Nxd3
22. Qxd3 Qc7 23. Rbc1 Qb7 24. exd5 exd5 25. Ne2 Rxc1 26. Rxc1 Rc8 27. Rxc8+
Qxc8 28. Qe3 Qc2 29. Ng3 f6 30. h4 h5 31. Nf1 a5 32. g3 Kg7 33. Kg2 a4 34. Ne1
Qe4+ 35. Qxe4 dxe4 36. Nc2 Be6 37. Nfe3 Bb3 38. f4 exf3+ 39. Kxf3 f5 40. Kf2
Kf6 41. Kf3 Ke6 42. Kf2 Bxc2 43. Nxc2 Kd5 0-1

[Event "BIH-chT2"]
[Site "Tuzla"]
[Date "2015.10.19"]
[Round "6.2"]
[White "Smajlovic, Nijaz"]
[Black "Nurkic, Alija"]
[Result "1-0"]
[WhiteElo "1995"]
[BlackElo "2084"]
[PlyCount "109"]
[EventDate "2015.10.16"]

1. e4 e6 2. d4 d5 3. exd5 exd5 4. Nf3 Nf6 5. Bd3 Bg4 6. h3 Bh5 7. Bg5 Be7 8.
O-O O-O 9. Re1 Re8 10. Nbd2 Nbd7 11. c3 c5 12. dxc5 Nxc5 13. Bb5 Rf8 14. b4 Ne6
15. Qb3 a6 16. Bd3 Re8 17. Qc2 Nxg5 18. Nxg5 Bg6 19. Bxg6 hxg6 20. Rad1 d4 21.
Ndf3 Nd5 22. Rxd4 Rc8 23. Nxf7 Kxf7 24. Ne5+ Kg8 25. Qxg6 Qb6 26. Qf7+ Kh7 27.
Qxd5 Bf6 28. Ree4 Qe6 29. Ng4 Qxd5 30. Nxf6+ gxf6 31. Rh4+ Kg6 32. Rxd5 Re1+
33. Kh2 Rxc3 34. Rg4+ Kf7 35. Rd7+ Ke6 36. Rxb7 Ra3 37. Rb6+ Ke5 38. f4+ Kf5
39. b5 a5 40. Rc6 Rxa2 41. Rc5+ Ke6 42. f5+ Kd6 43. Rc6+ Kd5 44. Rxf6 Raa1 45.
Ra6 Rh1+ 46. Kg3 Ke5 47. f6 Rhf1 48. b6 Rab1 49. Rxa5+ Kxf6 50. Rag5 Rb3+ 51.
Kh4 Rfb1 52. Rg6+ Kf5 53. R4g5+ Kf4 54. Rf6+ Ke4 55. Rgg6 1-0

[Event "BIH-chT2"]
[Site "Tuzla"]
[Date "2015.10.19"]
[Round "6.2"]
[White "Hamzagic, Abdel"]
[Black "Muminovic, Semsudin"]
[Result "1-0"]
[WhiteElo "2060"]
[BlackElo "1873"]
[PlyCount "109"]
[EventDate "2015.10.16"]

1. c4 Nf6 2. Nf3 g6 3. Nc3 Bg7 4. e4 d6 5. d4 c5 6. dxc5 Qa5 7. Bd2 Qxc5 8. h3
O-O 9. Be2 Nbd7 10. O-O Nb6 11. b3 Bd7 12. Rb1 Qc7 13. Rc1 Bc6 14. Nd5 Qd7 15.
Bd3 Bxd5 16. cxd5 Rfc8 17. Qe2 Rxc1 18. Rxc1 Rc8 19. Rd1 Qe8 20. Be3 Qd8 21.
Qd2 Nbd7 22. b4 b6 23. Rc1 Ne8 24. Nd4 Rxc1+ 25. Qxc1 Ne5 26. Be2 Qc7 27. Qxc7
Nxc7 28. f4 Nd7 29. Nc6 f5 30. exf5 Kf8 31. Bf3 Nf6 32. Nxa7 Nfxd5 33. Bd2 gxf5
34. Kf2 Nc3 35. a3 Bd4+ 36. Be3 Bxe3+ 37. Kxe3 d5 38. Kd4 Ne4 39. a4 Kf7 40. b5
Kf6 41. Nc8 Ne6+ 42. Kxd5 Nxf4+ 43. Kc6 Nc3 44. Nxb6 e5 45. Nd7+ Ke6 46. Nxe5
Nxa4 47. Nd7 Nd3 48. Nf8+ Kf7 49. Nxh7 Ne5+ 50. Kc7 Nxf3 51. gxf3 Kg6 52. Nf8+
Kg5 53. Ne6+ Kh4 54. f4 Kxh3 55. b6 1-0

[Event "BIH-chT2"]
[Site "Tuzla"]
[Date "2015.10.19"]
[Round "6.2"]
[White "Mujagic, Ismet"]
[Black "Salkic, Izet"]
[Result "0-1"]
[WhiteElo "1858"]
[BlackElo "1973"]
[PlyCount "78"]
[EventDate "2015.10.16"]

1. d4 Nf6 2. Nf3 e6 3. h3 Nc6 4. Bf4 d5 5. c3 Bd6 6. Bxd6 Qxd6 7. e3 O-O 8. Bd3
e5 9. dxe5 Nxe5 10. Nxe5 Qxe5 11. Nd2 Qg5 12. Qf3 Bd7 13. O-O-O c5 14. Qf4 Qxf4
15. exf4 Rfe8 16. Rde1 Rxe1+ 17. Rxe1 Re8 18. Rxe8+ Bxe8 19. Nf3 h6 20. Bf5 b5
21. Kd2 Kf8 22. g4 g6 23. Bd3 a5 24. Ne5 h5 25. Ke3 Ke7 26. g5 Nh7 27. h4 Ke6
28. Bf1 f6 29. Bh3+ Kd6 30. Nf3 f5 31. Ne5 Nf8 32. Bf1 Ne6 33. Nf3 a4 34. Bd3
b4 35. Bc2 Bc6 36. Bd1 a3 37. bxa3 bxa3 38. Ne5 d4+ 39. Kd3 Nxf4+ 0-1

[Event "BIH-chT2"]
[Site "Tuzla"]
[Date "2015.10.19"]
[Round "6.3"]
[White "Rosic, Slavko S"]
[Black "Goric, Esad"]
[Result "1/2-1/2"]
[WhiteElo "2279"]
[BlackElo "2288"]
[PlyCount "32"]
[EventDate "2015.10.16"]

1. e4 e6 2. d4 d5 3. Nd2 Nf6 4. e5 Nfd7 5. Ngf3 c5 6. c3 Nc6 7. Bd3 cxd4 8.
cxd4 Nb6 9. O-O Bd7 10. Nb3 Be7 11. Re1 Rc8 12. h3 a5 13. Be3 Nb4 14. Bb1 Nc4
15. Bc1 a4 16. Nbd2 b5 1/2-1/2